Top 100 Golf Courses in the World - Statistics

General Stats
  • This quiz has been taken 47 times
  • The average score is 26 of 100
Answer Stats
Rank Country/State Answer % Correct
7 Scotland St. Andrews - Old
95%
27 California Pebble Beach
86%
16 Georgia Augusta National
84%
58 New York Bethpage - Black
68%
8 Pennsylvania Oakmont
62%
1 California Cypress Point
59%
3 Northern Ireland Royal County Down - Championship
59%
2 New Jersey Pine Valley
54%
6 Australia Royal Melbourne - West
54%
9 Northern Ireland Royal Portrush - Dunluce
54%
4 New York Shinnecock Hills
51%
12 Scotland Trump Turnberry - Ailsa
49%
10 Scotland Muirfield
46%
57 North Carolina Pinehurst no. 2
46%
87 Wisconsin Whistling Straits
46%
79 Oregon Bandon Dunes
43%
78 Oregon Bandon Trails
43%
13 Pennsylvania Merion - East
43%
26 Oregon Pacific Dunes
43%
41 England Sunningdale - New
43%
22 England Sunningdale - Old
43%
5 New York National Golf Links
41%
30 California Riviera
38%
82 England Royal Birkdale
38%
15 Scotland Royal Dornoch - Championship
38%
33 New York Winged Foot - West
38%
23 New York Friar's Head
35%
18 California Los Angeles Country Club - North
35%
59 New York Oak Hill - East
35%
19 England Royal St. George's
35%
64 Canada St. George's
35%
21 New Zealand Tara Iti
35%
34 Scotland Carnoustie - Championship
32%
11 Nebraska Sand Hills
32%
98 New Zealand Cape Kidnappers
30%
17 Australia Kingston Heath
30%
24 Illinois Chicago
27%
42 Scotland North Berwick - West Links
27%
77 Scotland Trump International Scotland
27%
84 Canada Cabot Cliffs
24%
43 Scotland Kingsbarns
24%
93 Scotland Prestwick
24%
61 England Royal Lytham and St. Annes
24%
29 Ireland Ballybunion - Old
22%
20 New York Fishers Island
22%
62 New York Maidstone
22%
74 Ireland Portmarnock
22%
88 Scotland Royal Aberdeen - Balgownie
22%
55 Florida Seminole
22%
25 Australia Barnbougle - Dunes
19%
32 Ireland Lahinch - Old
19%
37 Ireland Rosapenna - St. Patrick's Links
19%
90 England Royal Cinque Ports
19%
92 New Zealand Te Arai - North
19%
97 New Zealand Te Arai - South
19%
76 Colorado Ballyneal
16%
31 Michigan Crystal Downs
16%
71 Massachusetts Eastward Ho!
16%
14 Japan Hirono
16%
80 Norway Lofoten Links
16%
46 Michigan Oakland Hills - South
16%
28 Kansas Prairie Dunes
16%
100 Spain Real Club Valderrama
16%
66 New York Sleepy Hollow - Upper
16%
49 England St. Enodoc - Church
16%
60 Wisconsin The Lido
16%
73 Canada Fairmont Jasper Park Lodge
14%
72 England Ganton
14%
45 France Morfontaine - Grand Parcours
14%
38 North Carolina Old Town
14%
94 Georgia Peachtree
14%
39 California San Francisco
14%
51 Illinois Shoreacres
14%
85 England St. George's Hill - Red and Blue
14%
52 England Swinley Forest
14%
44 Scotland Ardfin
11%
36 California California Golf Club of San Francisco
11%
47 Australia Cape Wickham
11%
53 Nebraska CapRock Ranch
11%
75 New York Garden City
11%
68 Australia New South Wales
11%
91 New Zealand Paraparaumu Beach
11%
83 Montana Rock Creek Cattle Company
11%
40 New Jersey Somerset Hills
11%
63 South Korea South Cape Owners Club
11%
56 Netherlands Utrecht De Pan
11%
96 United Arab Emirates Yas Links
11%
48 Ohio Camargo
8%
70 Scotland Cruden Bay - Championship
8%
81 Ohio Inverness
8%
86 Netherlands Koninklijke Haagsche - Royal Hague
8%
67 Massachusetts Myopia Hunt Club
8%
99 China PGA Golf Club An Ying - Yangtze Dunes
8%
50 Brazil Santapazienza
8%
35 China Shanqin Bay
8%
89 Australia St. Andrews Beach
8%
54 Scotland Cabot Highlands Castle Stuart
5%
69 Japan Kawana Hotel - Fuji
5%
95 Japan Naruo
5%
65 Wales Royal Porthcrawl
5%
No matching quizzes found
Score Distribution
Percent of People with Each Score
Percentile by Number Answered
Your Score History
You have not taken this quiz